System control and rough paths

Saved in:
Bibliographic Details
Main Author: Lyons, Terry
Other Authors: Oian, Zhongmin
Format: Book
Language:English
Published: Oxford : New York : Clarendon ;, Oxford University Press, 2006, c2002
Edition:1η εκδ., ανατύπωση
Series:Oxford mathematical monographs
Oxford science publications
Subjects:
Tags: Add Tag
No Tags, Be the first to tag this record!

MARC

LEADER 00000nam a2200000 i 4500
001 1/52165
008 070822s20022006 eng d
020 |a 0-19-850648-1 
035 |l 10089927 
040 |a GR-MY-UA  |b gre  |e aacr 
041 0 |a eng 
082 0 |a 519.23  |2 (22) 
100 1 |a Lyons, Terry. 
245 1 0 |a System control and rough paths /  |c Terry Lyons and Zhongmin Qian 
250 |a 1η εκδ., ανατύπωση 
260 |a Oxford :   |a New York :   |b Clarendon ;,   |b Oxford University Press,   |c 2006, c2002 
300 |a x, 216 σ.;  |c 24 εκ. 
490 1 |a Oxford mathematical monographs 
490 1 |a Oxford science publications 
504 |a Περιλαμβάνει βιβλιογραφικές παραπομπές (σ. 205-213) και ευρετήριο. 
650 0 0 |a Stochastic processes. 
700 1 |a Oian, Zhongmin. 
830 0 |a Oxford mathematical monographs 
830 0 |a Oxford science publications 
852 |a INST  |b SAMOS  |e 20070822  |h 519.23 LYO  |p 005300025508  |q 005300025508  |t BK  |y 0 
901 |a BIBL3-2007-2 
909 |a Σ  |b 137127 
922 |a 3ΕΛΗ  |b 200707  |c ΕΠΕΑΕΚ2/ΤΜΗΜΑ ΜΑΘΗΜΑΤΙΚΩΝ  |d ΠΑΠΑΣΩΤΗΡΙΟΥ 
970 |a ΣΙΤΖΙΜΗ  |b ΓΙΑΣΕΜΗ  |z 2007/08/22